000 00286nam a2200121Ia 4500
005 20251222140049.0
008 251222s1900||||xx |||||||||||||| ||spa||
082 _a148/B64
100 _aBlondel, Maurice
245 0 _aHistoria y Dogma
264 _bCristianisme i Justícia
942 _cLIB
999 _c3544
_d3544